Catálogo

CONNECTIONS IN READING (Registro nro. 22462)

Detalles MARC
000 -LEADER
fixed length control field 00426nam a2200169 a 4500
001 - CONTROL NUMBER
control field 22462
005 - DATE AND TIME OF LATEST TRANSACTION
control field 20180713220351.0
008 - FIXED-LENGTH DATA ELEMENTS--GENERAL INFORMATION
fixed length control field 140415s1985 000 0 spa d
020 ## - INTERNATIONAL STANDARD BOOK NUMBER
International Standard Book Number 0194322785
041 ## - LANGUAGE CODE
Language code of text/sound track or separate title spa
082 ## - DEWEY DECIMAL CLASSIFICATION NUMBER
Classification number 428.6
Item number VIN
100 1# - MAIN ENTRY--PERSONAL NAME
Personal name VINEY, PETER
245 10 - TITLE STATEMENT
Title CONNECTIONS IN READING
260 ## - PUBLICATION, DISTRIBUTION, ETC.
Place of publication, distribution, etc. [s.l.] :
Name of publisher, distributor, etc. OXFORD UNIVERSITY PRESS,
Date of publication, distribution, etc. 1985
300 ## - PHYSICAL DESCRIPTION
Extent 42
650 14 - SUBJECT ADDED ENTRY--TOPICAL TERM
Topical term or geographic name entry element INGLES
General subdivision LECTURA
Existencias
Withdrawn status Lost status Source of classification or shelving scheme Damaged status Not for loan Collection code Home library Current library Shelving location Date acquired Source of acquisition Total Checkouts Full call number Barcode Price effective from Koha item type
    Dewey Decimal Classification   Consulta en sala Referencia Biblioteca Karol Wojtyla Biblioteca Karol Wojtyla Referencia 03/12/2013 Compra   428.6 VIN 43031 10/07/2018 Folleto